Femmes Dj techno - Statistiques

Statistiques générales
  • Ce quiz a été pris 92 fois
  • Le résultat moyen est 4 sur 16
Statistiques - réponses
Par images Réponse % Correct
Amelie Lens
82%
Charlotte de Witte
82%
Sara Landry
72%
KI/KI
45%
Lessss
37%
Anetha
27%
Indira Paganotto
20%
Rebekah
8%
Clara Cuve
6%
Dj Gigola
4%
Paula temple
3%
Daria Kosolva
1%
Estella Boesma
1%
Lucia Lu
1%
VTSS
1%
Rouhe
0%
Aucun quiz correspondant
Distribution des résultats
% des personnes avec chaque résultat
Percentile par nombre de réponses
Votre historique - résultats
Vous n’avez pas pris ce quiz